[Event "East Asia-ch U10 3rd"]
[Site "Shanghai"]
[Date "2018.08.06"]
[Round "6.3"]
[White "Song, Linxuan"]
[Black "Srihaan, Poddar"]
[Result "1/2-1/2"]
[WhiteElo "1432"]
[BlackElo "1321"]
[PlyCount "75"]
[EventDate "2018.08.02"]
[EventType "swiss"]
[EventRounds "9"]
[EventCountry "CHN"]
[SourceTitle "EXT 2022"]
[Source "ChessBase"]
[SourceDate "2021.10.06"]
[SourceVersion "1"]
[SourceVersionDate "2021.10.06"]
[SourceQuality "1"]

1. e4 c5 2. Nf3 d6 3. d4 cxd4 4. Nxd4 Nf6 5. Nc3 a6 6. h3 e6 7. g4 b5 8. Bg2 Bb7 9. a3 Nfd7 10. 0-0 Be7 11. Kh1 Nc6 12. Nxc6 Bxc6 13. f4 0-0 14. g5 Nb6 15. Ne2 Bb7 16. Nd4 Re8 17. b3 Bf8 18. Bb2 e5 19. Nf5 Qd7 20. Qg4 g6 21. Ne3 Qxg4 22. Nxg4 Bg7 23. fxe5 dxe5 24. Nf6+ Bxf6 25. Rxf6 Nd7 26. Rd6 Nc5 27. Re1 Rad8 28. Rxd8 Rxd8 29. Re2 Re8 30. h4 Ne6 31. Kh2 Nf4 32. Re3 Rc8 33. Bxe5 Nxg2 34. Kxg2 Re8 35. Bf6 Rxe4 36. Rxe4 Bxe4+ 37. Kg3 Bxc2 38. b4 1/2-1/2

[Event "Asia-ch Universities"]
[Site "Tagaytay City"]
[Date "2018.05.27"]
[Round "1"]
[White "Srihaan, Poddar"]
[Black "Sai Agni, Jeevitesh J"]
[Result "0-1"]
[WhiteElo "1408"]
[BlackElo "2365"]
[PlyCount "52"]
[EventDate "2018.05.27"]
[EventType "swiss"]
[EventRounds "9"]
[EventCountry "PHI"]
[SourceTitle "EXT 2019"]
[Source "ChessBase"]
[SourceDate "2018.10.10"]
[SourceVersion "1"]
[SourceVersionDate "2018.10.10"]
[SourceQuality "1"]

1. e4 d6 2. d4 Nf6 3. Nc3 Nbd7 4. f4 e5 5. Nf3 exd4 6. Nxd4 g6 7. Bc4 Bg7 8. 0-0 0-0 9. Re1 Nc5 10. b4 Ncxe4 11. Nxe4 Nxe4 12. Bb2 d5 13. Bd3 Qd6 14. Bxe4 dxe4 15. Rxe4 Qxb4 16. Rb1 c5 17. c3 Qc4 18. Ba3 cxd4 19. Bxf8 Bf5 20. Rb4 Qxc3 21. Rb3 Qc6 22. Bxg7 Qxe4 23. Be5 Rc8 24. h3 Rc2 25. Rf3 d3 26. g4 Re2 0-1